000 00376nam a2200133Ia 4500
008 100328s9999 xx 000 0 und d
082 _b63184
100 _aखडसे एकनाथ.
245 _aबहुजन हिताय.
260 _bअनघा.
630 _aबहुजन हिताय.
730 _aबहुजन हिताय.
942 _cBOOK
999 _c549099
_d549096